Phoenix Suns All-Decade Teams - Statistics

General Stats
  • This quiz has been taken 14 times
  • The average score is 14 of 30
Answer Stats
Decade Pos. Year(s) WS Player % Correct
1990s PF 1993-1996 44.4 Charles Barkley
100%
2020s PG 2021-2023 24.7 Chris Paul
100%
2020s SG/PG 2020-2026 48.2 Devin Booker
100%
2010s PG 2010-2012 23.7 Steve Nash
100%
2000s PG 2005-2009 53.5 Steve Nash
100%
2000s C/PF 2003-2009 57.2 Amare' Stoudemire
93%
2020s C 2020-2023 25.0 Deandre Ayton
93%
2020s PF 2023-2025 14.6 Kevin Durant
93%
1980s PG/SG 1981-1983 23.1 Dennis Johnson
86%
1990s PG 1990-1998 76.1 Kevin Johnson
86%
2000s SF/PF 2000-2008 93.2 Shawn Marion
71%
2020s SF 2020-2023 26.7 Mikal Bridges
64%
1990s SG/SF 1990-1995 47.3 Dan Majerle
50%
1980s SG/SF 1980-1988 46.9 Walter Davis
50%
1990s C 1990-1994 24.4 Mark West
43%
1970s SF 1970-1974 36.2 Connie Hawkins
36%
1970s SG/PG 1976-1979 39.4 Paul Westphal
36%
1980s C/PF 1980-1988 47.4 Alvan Adams
29%
2000s PF 2006-2009 17.2 Boris Diaw
21%
1970s SG 1970-1977 57.9 Dick Van Arsdale
21%
2010s PG/SG 2010-2011, 2013-2015 22.7 Goran Dragic
21%
2000s SG/PG 2004-2009 26.3 Leandro Barbosa
21%
1980s PF 1982-1988 53.6 Larry Nance
14%
2010s PF/C 2010-2014 20.1 Channing Frye
7%
1990s SG 1990-1992 30.0 Jeff Hornacek
7%
2010s SF/PF 2010-2013, 2017-2018 23.5 Jared Dudley
0%
1980s PG 1981-1985 29.8 Kyle Macy
0%
1970s C 1970-1974 27.2 Neal Walk
0%
1970s PF 1970-1972 21.1 Paul Silas
0%
2010s SF/SG 2013-2017 19.7 P.J. Tucker
0%
No matching quizzes found
Score Distribution
Percent of People with Each Score
Percentile by Number Answered
Your Score History
You have not taken this quiz